The changing face of innovation : (Record no. 144753)

MARC details
000 -LEADER
fixed length control field 01007nam a2200289 a 4500
001 - CONTROL NUMBER
control field vtls003230504
003 - CONTROL NUMBER IDENTIFIER
control field MY-SjTCS
005 - DATE AND TIME OF LATEST TRANSACTION
control field 20200226115209.0
008 - FIXED-LENGTH DATA ELEMENTS--GENERAL INFORMATION
fixed length control field 120419s2012 si a b 000 0 eng d
020 ## - INTERNATIONAL STANDARD BOOK NUMBER
International Standard Book Number 9789814291583 (pbk.)
020 ## - INTERNATIONAL STANDARD BOOK NUMBER
International Standard Book Number 9814291587 (pbk.)
039 #9 - LEVEL OF BIBLIOGRAPHIC CONTROL AND CODING DETAIL [OBSOLETE]
Level of rules in bibliographic description 201205300907
Level of effort used to assign nonsubject heading access points wilmina
-- 201204191129
-- stazrina
043 ## - GEOGRAPHIC AREA CODE
Geographic area code a------
082 00 - DEWEY DECIMAL CLASSIFICATION NUMBER
Classification number 338.9507
Item number RAM 2012
100 1# - MAIN ENTRY--PERSONAL NAME
Personal name Ramakrishna, Seeram.
9 (RLIN) 43233
245 14 - TITLE STATEMENT
Title The changing face of innovation :
Remainder of title is it shifting to Asia? /
Statement of responsibility, etc. Seeram Ramakrishna, Daniel Joo-Then Ng.
260 ## - PUBLICATION, DISTRIBUTION, ETC.
Place of publication, distribution, etc. Singapore :
Name of publisher, distributor, etc. World Scientific,
Date of publication, distribution, etc. c2012.
300 ## - PHYSICAL DESCRIPTION
Extent xxx, 186 p. :
Other physical details ill. ;
Dimensions 23 cm.
504 ## - BIBLIOGRAPHY, ETC. NOTE
Bibliography, etc. note Includes bibliographical references.
650 #0 - SUBJECT ADDED ENTRY--TOPICAL TERM
Topical term or geographic name entry element Technology and state
Geographic subdivision Asia.
650 #0 - SUBJECT ADDED ENTRY--TOPICAL TERM
Topical term or geographic name entry element Appropriate technology
Geographic subdivision Asia.
650 #0 - SUBJECT ADDED ENTRY--TOPICAL TERM
Topical term or geographic name entry element Technological innovations
Geographic subdivision Asia.
650 #0 - SUBJECT ADDED ENTRY--TOPICAL TERM
Topical term or geographic name entry element Economic development
Geographic subdivision Asia.
9 (RLIN) 49304
651 #4 - SUBJECT ADDED ENTRY--GEOGRAPHIC NAME
Geographic name Asia
General subdivision Economic conditions.
9 (RLIN) 30240
700 1# - ADDED ENTRY--PERSONAL NAME
Personal name Ng, Daniel Joo-Then.
9 (RLIN) 60512
920 ## - Programme
Programme SOD : 181042
Holdings
Withdrawn status Lost status Source of classification or shelving scheme Damaged status Not for loan Home library Current library Date acquired Cost, normal purchase price Total Checkouts Barcode Date last seen Date last checked out Copy number Uniform Resource Identifier Cost, replacement price Koha item type Public note
    Dewey Decimal Classification     Taylor's Library-TU Taylor's Library-TU 02/05/2012 77.52 3 5000129553 05/12/2019 02/04/2016 1 Floor 3, Shelf 7 , Side 1, TierNo 2, BayNo 4 77.52 Main Collection SHTEx,70002,02,GR